000 00840nam a2200229 4500
001 148220
003 ES-MaACL
005 20240412063009.0
007 t|
008 070214s1934 fr r ||||1| fre d
100 0 _aStanislavskiï, Konstantin Sergueevich,
_d1863-1938
_9107899
245 1 0 _aMa vie dans l'art /
_cKonstantin Sergueevich Stanislavskiï ; traduction de Nina Gourfinkel et Léon Chancerel ; preface de Jacques Copeau.
260 _aParis :
_b[s. n.],
_c1934.
300 _a263 p., 6 lám. ;
_c25 cm.
490 1 _aBibliotheque de l'amateur de théatre ;
_v3
700 1 _aGourfinkel, Nina.
_959359
700 1 _aChancerel, Léon.
_937943
700 1 _aCopeau, Jacques.
_940404
830 0 _aBibliotheque de l'amateur de théatre ;
_v3
_9183464
852 _aES-MaACL
_jC-5686
999 _c148220
_d148220